| 000 | 00454nam a2200181Ia 4500 | ||
|---|---|---|---|
| 008 | 230524s9999 xx 000 0 und d | ||
| 020 | _a8120316215 | ||
| 082 |
_a5.133 _bRAJ |
||
| 100 |
_aV.Rajaraman _92240 |
||
| 245 | 0 | _aParallel Computers Architecture And Programming | |
| 250 | _aIST | ||
| 260 |
_aNEW DELHI _bPHI _c2006 |
||
| 300 | _aIX;376 | ||
| 500 | _aQuantity Number: 2 | ||
| 650 | _aComp-Sc | ||
| 700 | _a C.Siva Ram Murthy | ||
| 942 | _cBK | ||
| 999 |
_c37369 _d37369 |
||